书目信息 |
| 题名: |
混凝土外加剂配方与制备手册
|
|
| 作者: | 李嘉 主编 | |
| 分册: | ||
| 出版信息: | 北京 化学工业出版社 2025.04 |
|
| 页数: | 434页 | |
| 开本: | 27cm | |
| 丛书名: | ||
| 单 册: | ||
| 中图分类: | TU528.042-62 | |
| 科图分类: | ||
| 主题词: | 水泥外加剂--shui ni wai jia ji--配方--手册 , 水泥外加剂--shui ni wai jia ji--制备--手册 | |
| 电子资源: | ||
| ISBN: | 978-7-122-47185-7 | |
| 000 | 01114nam0 2200265 450 | |
| 001 | 91544 | |
| 005 | 20250817091239.47 | |
| 010 | @a978-7-122-47185-7@b精装@dCNY198.00 | |
| 100 | @a20250409d2025 em y0chiy50 ea | |
| 101 | 0 | @achi |
| 102 | @aCN@b110000 | |
| 105 | @ak a 000yy | |
| 106 | @ar | |
| 200 | 1 | @a混凝土外加剂配方与制备手册@Ahun ning tu wai jia ji pei fang yu zhi bei shou ce@d= Handbook of formulations and preparation of concrete admixtures@f李嘉主编@zeng |
| 210 | @a北京@c化学工业出版社@d2025.04 | |
| 215 | @a434页@d27cm | |
| 320 | @a有书目 (第432-434页) | |
| 330 | @a本书精选混凝土外加剂配方448种, 涉及减水剂、早强剂、速凝剂、泵送剂、防冻剂、防水剂、缓凝剂、膨胀剂、引气剂、阻锈剂, 详细介绍了产品的原料配比、制备方法、产品用途与用法、产品特性等。 | |
| 510 | 1 | @aHandbook of formulations and preparation of concrete admixtures@zeng |
| 606 | 0 | @a水泥外加剂@Ashui ni wai jia ji@x配方@j手册 |
| 606 | 0 | @a水泥外加剂@Ashui ni wai jia ji@x制备@j手册 |
| 690 | @aTU528.042-62@v5 | |
| 701 | 0 | @a李嘉@Ali jia@4主编 |
| 801 | 0 | @aCN@c20250909 |
| 905 | @a河南城建学院图书馆@dTU528.042-62@eL180@f1 | |
| 混凝土外加剂配方与制备手册= Handbook of formulations and preparation of concrete admixtures/李嘉主编.-北京:化学工业出版社,2025.04 |
| 434页;27cm |
| ISBN 978-7-122-47185-7(精装):CNY198.00 |
| 本书精选混凝土外加剂配方448种, 涉及减水剂、早强剂、速凝剂、泵送剂、防冻剂、防水剂、缓凝剂、膨胀剂、引气剂、阻锈剂, 详细介绍了产品的原料配比、制备方法、产品用途与用法、产品特性等。 |
| ● |
| 相关链接 |
|
|
|
正题名:混凝土外加剂配方与制备手册
索取号:TU528.042-62/L180
 
预约/预借
| 序号 | 登录号 | 条形码 | 馆藏地/架位号 | 状态 | 备注 |
| 1 | 1625508 | 216255086 | 建筑库201/201建筑库 8排1列4层/ [索取号:TU528.042-62/L180] | 在馆 |